Interaction of high-energy particles with nuclei (Record no. 3136)

MARC details
000 -LEADER
fixed length control field 00971nam a2200229Ia 4500
003 - CONTROL NUMBER IDENTIFIER
control field IN-BaIIA
008 - FIXED-LENGTH DATA ELEMENTS--GENERAL INFORMATION
fixed length control field 211028s9999 xx 000 0 eng d
040 ## - CATALOGING SOURCE
Transcribing agency IIA Library
080 ## - UNIVERSAL DECIMAL CLASSIFICATION NUMBER
Universal Decimal Classification number 063:53
Item number ENF-38
111 ## - MAIN ENTRY--MEETING NAME
Meeting name or jurisdiction name as entry element Conference of International School of Physics "Enrico Fermi"
Location of meeting Italy
Date of meeting or treaty signing 1966 June 27- July 9
9 (RLIN) 5566
245 #0 - TITLE STATEMENT
Title Interaction of high-energy particles with nuclei
Remainder of title proceedings of the international School of Physics "Enrico Fermi" Varenna on Lake Como Villa Monastero, 27th June - 9th July 1966
Statement of responsibility, etc. edited by T. E. O. Ericson
260 ## - PUBLICATION, DISTRIBUTION, ETC.
Place of publication, distribution, etc. New York
Name of publisher, distributor, etc. Academic Press
Date of publication, distribution, etc. 1967
300 ## - PHYSICAL DESCRIPTION
Extent xii, 330p.
490 ## - SERIES STATEMENT
Series statement International School of Physics "Enrico Fermi" Course v. 38
650 ## - SUBJECT ADDED ENTRY--TOPICAL TERM
Topical term or geographic name entry element High Energy Physics
9 (RLIN) 2205
650 ## - SUBJECT ADDED ENTRY--TOPICAL TERM
Topical term or geographic name entry element NASA Thesaurus
650 ## - SUBJECT ADDED ENTRY--TOPICAL TERM
Topical term or geographic name entry element Nuclear Physics
9 (RLIN) 1527
650 ## - SUBJECT ADDED ENTRY--TOPICAL TERM
Topical term or geographic name entry element Particle Physics
9 (RLIN) 1847
700 ## - ADDED ENTRY--PERSONAL NAME
Personal name Ericson, T. E. O., ed.
9 (RLIN) 5567
710 ## - ADDED ENTRY--CORPORATE NAME
Corporate name or jurisdiction name as entry element Italian Physical Society
942 ## - ADDED ENTRY ELEMENTS (KOHA)
Koha item type Books
Holdings
Withdrawn status Lost status Damaged status Not for loan Home library Current library Shelving location Date acquired Cost, normal purchase price Total Checkouts Full call number Barcode Date last seen Cost, replacement price Price effective from Koha item type Purchase Price
        IIA Library-Bangalore IIA Library-Bangalore General Stacks 28/11/1968 115.20   063:53/ ENF-38 3487 05/11/2021 115.20 28/11/1968 Books Rs. 115.20

Powered by Koha